Statistics for FIFA U-17 World Cup Top 4 Positions

Click here to take the quiz!

General Stats

  • This quiz has been taken 194 times
    (104 since last reset)
  • The average score is 23 of 33

Answer Stats

National Team% Correct
Germany
100%
West Germany
100%
Brazil
99%
Argentina
97%
England
97%
France
97%
Spain
97%
Portugal
96%
United States
95%
Mexico
93%
Italy
92%
Chile
88%
Uruguay
86%
Colombia
82%
Nigeria
81%
Netherlands
80%
Poland
78%
Switzerland
76%
Sweden
74%
Belgium
72%
Australia
66%
Ghana
66%
Soviet Union
65%
Turkey
61%
Scotland
54%
Ivory Coast
49%
Saudi Arabia
45%
Mali
42%
Guinea
31%
Qatar
19%
Burkina Faso
18%
Oman
16%
Bahrain
15%

Score Distribution

Percentile by Number Answered

Percent of People with Each Score

Your Score History

You have not taken this quiz since the last reset